[Event "1st WMSG Blitz Ind w"]
[Site "Beijing CHN"]
[Date "2008.10.04"]
[Round "6"]
[White "Gomes,Mary"]
[Black "Yildiz,B"]
[Result "1-0"]
[WhiteElo "2298"]
[BlackElo "2219"]

1.Nf3 d5 2.g3 Nf6 3.Bg2 c5 4.O-O Nc6 5.d3 e5 6.Nbd2 Be7 7.e4 O-O 8.h3 h6
9.Re1 d4 10.Nc4 Qc7 11.a4 Be6 12.b3 a6 13.a5 Nd7 14.Bd2 Bxc4 15.bxc4 Nb4
16.Nh2 Nb8 17.Ng4 N8c6 18.Qc1 h5 19.Nh2 Nxa5 20.g4 hxg4 21.Nxg4 Nac6 22.f4 f6
23.f5 b5 24.Re2 bxc4 25.dxc4 d3 26.cxd3 Nd4 27.Re3 Nb3 28.Qd1 Nxa1 29.Nh6+ gxh6
30.Rg3+ Kh8 31.Qh5 Rf7 32.Qxf7 Bd6 33.Qxf6+ Kh7 34.Qxh6+  1-0

[Event "1st WMSG Blitz Ind w"]
[Site "Beijing CHN"]
[Date "2008.10.04"]
[Round "10"]
[White "Gomes,Mary"]
[Black "Golubenko,Valen"]
[Result "1-0"]
[WhiteElo "2298"]
[BlackElo "2273"]

1.Nf3 d5 2.g3 c5 3.Bg2 g6 4.O-O Bg7 5.d3 Nf6 6.Nbd2 O-O 7.e4 Nc6 8.Re1 Bg4
9.h3 Bc8 10.Qe2 d4 11.Nf1 b5 12.e5 Nd5 13.N1h2 Ba6 14.Ng4 c4 15.Bh6 Rc8 16.Bxg7 Kxg7
17.Qd2 f6 18.Qh6+ Kg8 19.exf6 exf6 20.Nh4 Nce7 21.Bxd5+ Nxd5 22.Re6 Qd7 23.Rxa6 cxd3
24.cxd3 Qe7 25.Nxg6 hxg6 26.Qxg6+ Qg7 27.Nh6+ Kh8 28.Qh5 Qh7 29.Qxd5 Qxh6
30.Qxd4 Rcd8 31.Rd6 Rc8 32.Re1 Rc1 33.Rxc1 Qxc1+ 34.Kg2 Qg5 35.h4 Qf5 36.Qe4 Qc5
37.Re6 f5 38.Qe5+ Qxe5 39.Rxe5 Rd8 40.Rxb5 Rxd3 41.Rxf5 Rd2 42.Ra5 Rxb2 43.Rxa7 Rc2
44.h5 Kg8 45.g4  1-0

[Event "1st WMSG Blitz Ind w"]
[Site "Beijing CHN"]
[Date "2008.10.04"]
[Round "11"]
[White "Gomes,Mary"]
[Black "Pham Le Thao Nguyen"]
[Result "1-0"]
[WhiteElo "2298"]
[BlackElo "2304"]

1.Nf3 d5 2.g3 Nf6 3.Bg2 Bf5 4.O-O e6 5.d3 h6 6.b3 Be7 7.Bb2 O-O 8.Nbd2 c6
9.e3 a5 10.a3 Na6 11.Qe2 Bh7 12.e4 dxe4 13.dxe4 Nc5 14.Rad1 Qc7 15.Ne5 Rfd8
16.f4 Nfd7 17.Nxd7 Rxd7 18.Qg4 Bf8 19.f5 exf5 20.exf5 Rad8 21.Bc3 Kh8 22.f6 g5
23.Nc4 Rxd1 24.Rxd1 Rxd1+ 25.Qxd1 Ne4 26.Bxa5 Bc5+ 27.Kf1 b6 28.Bb4 Bxb4
29.axb4 b5 30.Bxe4 Bxe4 31.Qh5 Kh7 32.Ne5 Bd5 33.Ng4  1-0

[Event "58th TCh w 1st Div"]
[Site "Borovets BUL"]
[Date "2008.10.04"]
[Round "4"]
[White "Voiska,M"]
[Black "Vladimirova,M"]
[Result "1-0"]
[WhiteElo "2318"]
[BlackElo "2038"]

1.Nf3 d5 2.g3 c6 3.Bg2 Bg4 4.b3 Nd7 5.Bb2 Qc7 6.d4 f6 7.c4 dxc4 8.bxc4 e5
9.O-O Be7 10.Nbd2 Nh6 11.dxe5 fxe5 12.Ne4 O-O 13.Qb3 Nf7 14.Ba3 Bxa3 15.Qxa3 Nb6
16.Rac1 Rad8 17.c5 Nd5 18.Rfd1 Qe7 19.Qa4 Bxf3 20.Bxf3 Ng5 21.Nxg5 Qxg5 22.Qc4 Kh8
23.Rb1 Qf6 24.Rf1 Rf7 25.Bg2 Rfd7 26.Bh3 Re7 27.e4 Qh6 28.exd5 Qxh3 29.d6 Re6
30.f4 Rh6 31.Rb2 Qh5 32.fxe5 Qxe5 33.Re2 Qh5 34.Ref2 Qe8 35.Qd4 Qg8 36.Rf7 b6
37.d7 Re6 38.cxb6 Re1 39.bxa7 Rxf1+ 40.Rxf1 Qxa2 41.Qb6 Qg8 42.Qxd8 Qxd8
43.Rb1  1-0

[Event "ch-Commonwealth"]
[Site "Nagpur IND"]
[Date "2008.10.04"]
[Round "9"]
[White "Panchanathan,M"]
[Black "Thakur,Ak"]
[Result "1-0"]
[WhiteElo "2486"]
[BlackElo "2276"]

1.Nf3 d5 2.g3 Nc6 3.d4 Bg4 4.Bg2 Qd7 5.h3 Bf5 6.a4 f6 7.a5 a6 8.Nh4 Be4 9.f3 Bg6
10.Nxg6 hxg6 11.c3 e5 12.dxe5 fxe5 13.h4 Bc5 14.Bh3 Qf7 15.Qb3 Rb8 16.Bg5 Nge7
17.Nd2 Nf5 18.e4 Nxg3 19.exd5 Nd8 20.O-O-O Nxh1 21.Be6 Nxe6 22.dxe6 Qf5 23.Ne4 Nf2
24.Qd5 Nxd1 25.Nf6+  1-0

[Event "Tatry Open"]
[Site "Tatranske Zruby SVK"]
[Date "2008.10.04"]
[Round "9"]
[White "Splichal,S"]
[Black "Stradej,V"]
[Result "1-0"]
[WhiteElo "2216"]
[BlackElo "2131"]

1.Nf3 d5 2.g3 Nf6 3.Bg2 c6 4.O-O Bf5 5.d3 e6 6.Nbd2 Bc5 7.Nh4 Bg6 8.Nxg6 hxg6
9.e4 O-O 10.Nf3 Be7 11.h4 c5 12.c3 Nc6 13.Re1 Rc8 14.Bf4 b5 15.a3 c4 16.d4 a5
17.e5 Nd7 18.Ng5 Bxg5 19.Bxg5 Qc7 20.h5 gxh5 21.Qxh5 Rfe8 22.f4 Nf8 23.g4 Nh7
24.Re3 f6 25.exf6 gxf6 26.Bxd5 fxg5 27.Rxe6 Rxe6 28.Bxe6+ Kg7 29.Bxc8 Qxc8
30.f5 Qc7 31.Qh2 Qe7 32.Qg3 Nf6 33.Re1 Qd8 34.Re6 Nxd4 35.cxd4 Qxd4+ 36.Kf1 Qd1+
37.Re1 Qxg4 38.Qxg4 Nxg4 39.Re4 Nf6 40.Re5 b4 41.Rxa5 c3 42.bxc3 bxc3 43.Rc5 Ne4
44.Rc6 Ng3+ 45.Kg2 Nxf5 46.Rxc3 Kg6 47.a4 g4 48.a5 Kg5 49.Rc5  1-0

[Event "Tatry Open"]
[Site "Tatranske Zruby SVK"]
[Date "2008.10.04"]
[Round "9"]
[White "Belunek,V"]
[Black "Peitl,T"]
[Result "1/2-1/2"]
[WhiteElo "2295"]
[BlackElo "2045"]

1.Nf3 d5 2.g3 Nf6 3.Bg2 c5 4.O-O Nc6 5.d4 e6 6.c4 Be7 7.cxd5 exd5 8.Nc3 O-O
9.Bg5 cxd4 10.Nxd4 h6 11.Bf4 Bg4 12.h3 Be6 13.Ncb5 Qd7 14.Nc7 Rac8 15.Nxc6 bxc6
16.Nxe6 Qxe6 17.Rc1 Rfd8 18.Qa4 c5 19.Rc2 Qb6 20.b3 Rc6 21.Rd1 Re6 22.Bd2 Rc8
23.Ba5 Qa6 24.Bxd5 Nxd5 25.Rxd5 Rxe2 26.Rxe2 Qxe2 27.Qd7 Rf8 28.Bc3 Rd8 29.Qg4 Qxg4
30.Rxd8+ Bxd8 31.hxg4 f6 32.Kg2 Kf7 33.Kf3 Ke6 34.Ke4 g6 35.Bd2 h5 36.gxh5 gxh5
37.Be3 Be7 38.f3 Bd6 39.Bf4 f5+ 40.Ke3 Bf8 41.Bb8 a6 42.Bf4 Be7 43.Bc7 Bg5+
44.Bf4 Be7 45.Bc7  1/2-1/2

[Event "TCh-BEL 2008-9"]
[Site "Belgium BEL"]
[Date "2008.10.05"]
[Round "1"]
[White "Schebler,G"]
[Black "Pergericht,D"]
[Result "1/2-1/2"]
[WhiteElo "2467"]
[BlackElo "2291"]

1.Nf3 d5 2.g3 Nf6 3.Bg2 c6 4.c4 Bf5 5.cxd5 cxd5 6.Qb3 Qd7 7.Ne5 Qc7 8.Nc3 Nc6
9.d4 e6 10.Bf4 Qb6 11.Nxc6 bxc6 12.O-O Be7 13.Rfc1 O-O 14.Na4 Qxd4 15.Rxc6 Ne4
16.Be3 Qe5 17.Qd3 Bf6 18.Bf4 Qd4 19.Qxd4 Bxd4 20.e3 Bf6 21.g4 Bxg4 22.f3 e5
23.fxg4 exf4 24.exf4 Rab8 25.Bxe4 dxe4 26.Re1 Bxb2 27.Rxe4  1/2-1/2

[Event "Belgrade Premier League"]
[Site "Belgrade SRB"]
[Date "2008.10.05"]
[Round "1"]
[White "Svetac,N"]
[Black "Pikula,D"]
[Result "0-1"]
[WhiteElo "2328"]
[BlackElo "2576"]

1.Nf3 d5 2.g3 Nf6 3.Bg2 Bf5 4.c4 c6 5.b3 e6 6.O-O Be7 7.Bb2 O-O 8.d3 h6 9.Nbd2 Bh7
10.Rc1 a5 11.a3 Nbd7 12.Rc2 Bd6 13.Qa1 Qe7 14.cxd5 exd5 15.Nd4 Rfe8 16.N2f3 Ra6
17.Bh3 Rb6 18.Qa2 Nc5 19.Rfc1 Nfd7 20.Bf5 g6 21.Bh3 f5 22.Bc3 Ra8 23.a4 Nf8
24.Bd2 Na6 25.Bxa5 Nb4 26.Bxb4 Bxb4 27.Qb1 Nd7 28.Rd1 Qf6 29.e4 fxe4 30.dxe4 dxe4
31.Bxd7 exf3 32.Rc4 c5 33.Nb5 g5 34.Qc1 Rd8 35.Rxc5 Bxc5 36.Qxc5 Bf5 37.Nd6 Rxd6
38.Qxd6 Qxd6 39.Rxd6 Rxd7 40.Rxd7 Bxd7 41.Kf1 Kf7 42.Ke1 Ke6 43.Kd2 Ke5 44.Ke3 g4
45.Kd3 Kd5 46.Kc3 b6 47.Kd3 Bc8 48.Kc3 Ba6 49.b4 Bf1 50.b5 Kc5 51.Kb3 Bxb5  0-1

[Event "ch-Commonwealth"]
[Site "Nagpur IND"]
[Date "2008.10.05"]
[Round "10"]
[White "Ajith,M"]
[Black "Mohammad,J"]
[Result "1-0"]
[WhiteElo "2104"]
[BlackElo "2264"]

1.Nf3 d5 2.g3 c6 3.d4 Nf6 4.Bg2 Bf5 5.c3 e6 6.Bg5 Nbd7 7.O-O h6 8.Bxf6 Nxf6
9.Nbd2 Be7 10.Ne5 Bh7 11.e3 O-O 12.f4 c5 13.g4 Nd7 14.Ndf3 Nb6 15.g5 hxg5
16.Nxg5 Bxg5 17.fxg5 Qxg5 18.Rf4 cxd4 19.Qxd4 f6 20.Nf3 Qg6 21.Rg4 e5 22.Qb4 a5
23.Nxe5 axb4 24.Nxg6 bxc3 25.bxc3 Rfe8 26.Rb1 Re6 27.Rxb6 Bxg6 28.Rxe6  1-0

[Event "Chigorin Memorial"]
[Site "St Petersburg RUS"]
[Date "2008.10.05"]
[Round "3"]
[White "Zakharov,Y"]
[Black "Emdin,M"]
[Result "1-0"]
[WhiteElo "2056"]
[BlackElo "1862"]

1.Nf3 d5 2.g3 g6 3.Bg2 Bg7 4.O-O e6 5.d3 Ne7 6.Nbd2 c5 7.e4 Nbc6 8.c3 b6
9.Re1 Bb7 10.Qc2 Rc8 11.Nf1 d4 12.Bg5 f6 13.Bd2 e5 14.Bh3 Rc7 15.cxd4 Nxd4
16.Nxd4 Qxd4 17.Bc3 Qd6 18.Qa4+ Bc6 19.Qc4 Bd7 20.Bxd7+ Rxd7 21.Rad1 Nc6
22.Ne3 Rf7 23.Nd5 O-O 24.f4 Kh8 25.Rf1 f5 26.Rde1 h6 27.Kg2 Kh7 28.a4 Rd7
29.Re2 Ne7 30.Nxe7 Rxe7 31.fxe5 Bxe5 32.exf5 Rxf5 33.Rxf5 gxf5 34.Rxe5 Rxe5
35.Qf7+ Kh8 36.Qe8+ Kh7 37.Qxe5 Qc6+ 38.Kf2 Qd7 39.h4 Kg6 40.g4 fxg4 41.h5+  1-0

[Event "Chigorin Memorial"]
[Site "St Petersburg RUS"]
[Date "2008.10.05"]
[Round "3"]
[White "Serov,M"]
[Black "Shlakich,A"]
[Result "1-0"]
[WhiteElo "2378"]
[BlackElo "2203"]

1.Nf3 d5 2.g3 Nf6 3.Bg2 c6 4.O-O Bf5 5.d3 e6 6.Nbd2 Be7 7.e3 O-O 8.Qe2 h6
9.e4 dxe4 10.dxe4 Bh7 11.e5 Nd5 12.Ne4 Qc7 13.c4 Nb6 14.Rd1 N8d7 15.Bf4 g5
16.Bd2 Nxe5 17.Nexg5 hxg5 18.Nxe5 f6 19.Ng4 e5 20.f4 Bc5+ 21.Kh1 exf4 22.Bc3 Kg7
23.gxf4 Rae8 24.Bxf6+ Rxf6 25.Qxe8 Rxf4 26.Qh5 Bg6 27.Qxg5 Be7 28.Qh6+ Kf7
29.Rf1  1-0

[Event "1st WMSG Rapid Ind"]
[Site "Beijing CHN"]
[Date "2008.10.06"]
[Round "4"]
[White "Zhang Zhong"]
[Black "Gurevich,M1"]
[Result "1-0"]
[WhiteElo "2649"]
[BlackElo "2634"]

1.Nf3 d5 2.g3 Bg4 3.Bg2 e6 4.O-O Nd7 5.d3 Bd6 6.Nbd2 Ne7 7.c4 c6 8.d4 O-O
9.b3 a5 10.Bb2 a4 11.c5 Bc7 12.b4 Qb8 13.h3 Bh5 14.g4 Bg6 15.Nh4 f5 16.e3 e5
17.dxe5 Bxe5 18.Bxe5 Qxe5 19.Ndf3 Qf6 20.g5 Qf7 21.Nd4 Bh5 22.Qd2 f4 23.Rae1 Ng6
24.Nxg6 Bxg6 25.a3 Rae8 26.exf4 Qxf4 27.Qxf4 Rxf4 28.Rxe8+ Bxe8 29.Ne6 Rc4
30.Nd8 Rc3 31.Re1 Bg6 32.Re7 Bf5 33.Re8+ Nf8 34.Nxb7 Rxa3 35.b5 Bd7 36.Rd8 Kf7
37.Rxd7+ Nxd7 38.bxc6 Ke6 39.Bxd5+ Kxd5  1-0

[Event "58th TCh m 1st Div"]
[Site "Borovets BUL"]
[Date "2008.10.07"]
[Round "7"]
[White "Stojanov,Sv"]
[Black "Dobrev,Nan"]
[Result "1/2-1/2"]
[WhiteElo "2312"]
[BlackElo "2408"]

1.Nf3 d5 2.g3 c5 3.d3 Nc6 4.Bf4 f6 5.e4 dxe4 6.dxe4 Qxd1+ 7.Kxd1 e5 8.Be3 Bg4
9.Be2 O-O-O+ 10.Nbd2 g6 11.c3 Bh6 12.Bxh6 Nxh6 13.h3 Be6 14.Kc2 Nf7 15.Bc4 Bxc4
16.Nxc4 Nd6 17.Nxd6+ Rxd6 18.Rad1 Rhd8 19.Rxd6 Rxd6 20.Rd1 Rxd1 21.Kxd1 c4
22.Nd2 Na5 23.Ke2 Kd7 24.Ke3 Kd6 25.f4 exf4+ 26.gxf4 b5 27.h4 h6 28.b4 cxb3
29.axb3 Nc6 30.b4 a5 31.bxa5 Nxa5 32.Nf3 Nb3 33.e5+ Ke6 34.Nd4+ Nxd4 35.Kxd4 fxe5+
36.fxe5 Ke7 37.Kc5 Ke8 38.Kxb5 g5 39.hxg5 hxg5 40.Kc5 Ke7 41.Kd5 g4  1/2-1/2

[Event "YUURGU-65 GM"]
[Site "Chelyabinsk RUS"]
[Date "2008.10.07"]
[Round "6"]
[White "Yatsenko,A"]
[Black "Sveshnikov,E"]
[Result "1/2-1/2"]
[WhiteElo "2469"]
[BlackElo "2525"]

1.Nf3 d5 2.g3 Nf6 3.Bg2 Bf5 4.O-O e6 5.c4 c6 6.d3 dxc4 7.dxc4 Qxd1 8.Rxd1 Nbd7
9.b3 Bc2 10.Rf1 Bc5 11.Bb2 O-O 12.Nc3 h6 13.Rac1 Bh7 14.Rfd1 Rfd8 15.h3  1/2-1/2

[Event "Masters"]
[Site "Winterthur SUI"]
[Date "2008.10.07"]
[Round "5"]
[White "Jenni,F"]
[Black "Gattenloehner,S"]
[Result "1-0"]
[WhiteElo "2544"]
[BlackElo "2207"]

1.Nf3 d5 2.g3 Nf6 3.Bg2 Bg4 4.c4 e6 5.Ne5 Bh5 6.cxd5 exd5 7.Qb3 Qc8 8.Bxd5 Nxd5
9.Qxd5 c6 10.Qe4 Qe6 11.Nc3 Be7 12.g4 Bxg4 13.Qxg4 Qxe5 14.Qc8+ Bd8 15.Qxb7 Nd7
16.Qxa8 Qc7 17.Nb5 cxb5 18.Qe4+ Be7 19.d4 Nf6 20.Qe5 Qb7 21.Rg1 Kd8 22.Bd2 Re8
23.Ba5+  1-0

[Event "Belgrade Premier League"]
[Site "Belgrade SRB"]
[Date "2008.10.10"]
[Round "6"]
[White "Ivkov,B"]
[Black "Djukic,Z SRB"]
[Result "1/2-1/2"]
[WhiteElo "2404"]
[BlackElo "2373"]

1.Nf3 d5 2.g3 c6 3.Bg2 h6 4.d3 Bf5 5.Nbd2 Nf6 6.b3 e6 7.Bb2 Bc5 8.O-O O-O
9.c4 a5 10.a3 Nbd7 11.Qc1 Qe7 12.Bc3 Bd6 13.b4 axb4 14.axb4 Bxb4 15.Bxb4 Qxb4
16.Rb1 Qd6 17.Rxb7 e5 18.d4 exd4 19.Nxd4 Be6 20.cxd5 Bxd5 21.Bxd5 cxd5  1/2-1/2

[Event "Chigorin Memorial"]
[Site "St Petersburg RUS"]
[Date "2008.10.10"]
[Round "8"]
[White "Loginov,Va"]
[Black "Zhigalko,S"]
[Result "1/2-1/2"]
[WhiteElo "2481"]
[BlackElo "2592"]

1.Nf3 d5 2.g3 Bg4 3.Bg2 Nd7 4.c4 e6 5.cxd5 exd5 6.Nc3 c6 7.d3 Ngf6 8.O-O Bd6
9.Qc2 O-O 10.e4 Re8 11.h3 Bxf3 12.Bxf3 dxe4 13.dxe4 Qe7 14.Bg2 Bb4 15.Bd2 Nb6
16.a3 Bxc3 17.Bxc3 Nxe4 18.Rae1 f5 19.Kh2 Qf7 20.Bxe4 fxe4 21.Rxe4 Rxe4 22.Qxe4 Re8
23.Qd3 Nd5 24.Bd4 a6 25.f4 Qg6 26.Qxg6 hxg6 27.Be5 g5 28.Rf3 Kh7 29.Kg2 gxf4
30.gxf4 g5 31.Kg3 gxf4+ 32.Bxf4 Re2 33.b4 Kg6 34.Bd6 Nf6 35.Rd3 Kf5 36.Kf3 Ra2
37.Ke3 Ne4 38.Bb8 Ng5 39.h4 Ne6 40.Kf3 Ra1 41.Bg3 Ra2 42.Bb8 Ra1 43.Bg3 Ra2  1/2-1/2

[Event "Chigorin Memorial"]
[Site "St Petersburg RUS"]
[Date "2008.10.10"]
[Round "8"]
[White "Utkin,Alek"]
[Black "Alavkin,A"]
[Result "1/2-1/2"]
[WhiteElo "2359"]
[BlackElo "2476"]

1.Nf3 d5 2.g3 c6 3.Bg2 Nf6 4.O-O Bf5 5.d3 Nbd7 6.Nbd2 e5 7.Qe1 h6 8.e4 dxe4
9.dxe4 Be6 10.b3 Bc5 11.Bb2 Qc7 12.Qe2 O-O 13.Nc4 Ng4 14.h3 b5 15.hxg4 bxc4
16.g5 h5 17.g6 fxg6 18.Ng5 Bg4 19.Qxc4+ Kh8 20.Nf7+ Kh7 21.Ng5+ Kh8 22.Kh2 Rxf2
23.Rxf2 Bxf2 24.Qf7 Be3 25.Qxg6 Nf8 26.Qf7 Qd7 27.Qxd7 Nxd7 28.Nf7+ Kh7 29.Nxe5 Nxe5
30.Bxe5 Rd8 31.Bc3 Bd1 32.e5 Bxc2 33.Re1 Bd2 34.Bxd2 Rxd2 35.Kg1 Kg6 36.e6 Rd1
37.Rxd1 Bxd1 38.Bxc6 Kf6 39.Kf2 Kxe6 40.Ke3 Ke5 41.b4 g5 42.a4 Kd6 43.Bb5 h4
44.gxh4 gxh4 45.a5 h3 46.Kf2 Bg4 47.Kg3 Bf5 48.Be2 Bd7 49.b5 Kc5 50.b6 axb6
51.axb6 Kxb6  1/2-1/2

[Event "Chigorin Memorial"]
[Site "St Petersburg RUS"]
[Date "2008.10.11"]
[Round "9"]
[White "Gorovykh,E"]
[Black "Matlakov,M"]
[Result "0-1"]
[WhiteElo "2390"]
[BlackElo "2490"]

1.Nf3 d5 2.g3 c6 3.Bg2 Bg4 4.d3 Nd7 5.Nbd2 Ngf6 6.O-O g6 7.b3 Bg7 8.Bb2 O-O
9.h3 Bxf3 10.Bxf3 Ne8 11.Bxg7 Nxg7 12.Bg2 a5 13.a3 e6 14.e4 Qf6 15.Nf3 Rfd8
16.exd5 cxd5 17.d4 Rac8 18.Qd2 b6 19.Rfc1 Nf5 20.c4 dxc4 21.Rxc4 Rxc4 22.bxc4 Nc5
23.Qf4 Nd3 24.Qg5 Qxg5 25.Nxg5 Rxd4 26.Rb1 Ne5 27.Rxb6 h6 28.Ne4 Nxc4 29.a4  0-1

[Event "South Bohemia Open"]
[Site "Cesky Krumlov CZE"]
[Date "2008.10.12"]
[Round "3"]
[White "Baturina,A"]
[Black "Ruzicka,T"]
[Result "1-0"]
[WhiteElo "2036"]
[BlackElo "1773"]

1.Nf3 d5 2.g3 Nc6 3.Bg2 e5 4.d4 e4 5.Ne5 Nxe5 6.dxe5 Be6 7.f3 exf3 8.exf3 Bc5
9.Nc3 Qd7 10.b3 f6 11.f4 O-O-O 12.Bb2 fxe5 13.fxe5 Be3 14.Qd3 d4 15.Ne4 Bf5
16.Rf1 Nh6 17.Rd1 Rhf8 18.Nc5 Bxd3 19.Bxb7+ Kb8 20.Nxd7+ Kxb7 21.Rxf8 Rxd7
22.Rxd3 c5 23.c3 Ng4 24.e6 Re7 25.Rf7 Bg5 26.cxd4 cxd4 27.Rxd4 Ne5 28.Rxe7+ Bxe7
29.Ke2 g6 30.Rf4 Nc6 31.Rf7 Kc7 32.Bf6 Kd6 33.Bxe7+ Nxe7 34.Rxh7 Kxe6 35.h4 a6
36.g4 Nd5 37.h5 gxh5 38.gxh5 Nc3+ 39.Kf3 Nxa2 40.Rh6+ Kf7 41.Rxa6 Nb4 42.Rg6 Nd5
43.Kg4 Ne7 44.Kg5 Nd5 45.h6 Ne7 46.Rg7+ Kf8 47.Rxe7  1-0

[Event "28th OIS"]
[Site "Munich GER"]
[Date "2008.10.12"]
[Round "2"]
[White "Muharemagic,A"]
[Black "Marcelin,C"]
[Result "0-1"]
[WhiteElo "2174"]
[BlackElo "2494"]

1.Nf3 d5 2.g3 Bg4 3.Bg2 Nd7 4.d4 e6 5.O-O c6 6.c4 Ngf6 7.cxd5 exd5 8.Nc3 Bd6
9.Bf4 Bxf4 10.gxf4 Bxf3 11.Bxf3 Nf8 12.Qd2 Ng6 13.Kh1 Qd6 14.e3 Nh4 15.Qe2 h6
16.Rg1 g5 17.Rg3 O-O-O 18.fxg5 hxg5 19.Kg1 Rdg8 20.Rb1 Kb8 21.e4 dxe4 22.Nxe4 Nxe4
23.Qxe4 f5 24.Qd3 g4 25.Be2 f4 26.Rxg4 f3 27.Bxf3  0-1

[Event "1st WMSG Blitz Team w"]
[Site "Beijing CHN"]
[Date "2008.10.13"]
[Round "6"]
[White "Berezina,I"]
[Black "Paridar,S"]
[Result "1-0"]
[WhiteElo "2252"]
[BlackElo "2248"]

1.Nf3 d5 2.g3 c5 3.Bg2 Nc6 4.O-O Nf6 5.d3 g6 6.Nbd2 Bg7 7.e4 O-O 8.Re1 e5
9.c3 Re8 10.Qc2 h6 11.h3 Be6 12.a4 Qd7 13.Kh2 a6 14.Nf1 b5 15.Bd2 c4 16.exd5 Nxd5
17.dxc4 bxc4 18.Ne3 Nxe3 19.Bxe3 Bf5 20.Qc1 Kh7 21.Nh4 Be6 22.Rd1 Qc7 23.a5 Nxa5
24.Bxa8 Nb3 25.Qb1 Nxa1 26.Be4 f5 27.Nxf5 gxf5 28.Bxf5+ Bxf5 29.Qxf5+ Kh8
30.Rxa1 Qc6 31.Qh5 Rb8 32.Rd1 a5 33.Rd2 a4 34.Qf7 a3 35.bxa3 Kh7 36.Qd5 Qg6
37.Qxc4 Rb1 38.Qd3 Qxd3 39.Rxd3 Rb3 40.Bc5 e4 41.Rd7 Kg6 42.Bb4 Rb2 43.Kg1 Be5
44.c4 e3 45.fxe3 Bxg3 46.Bc3 Bf2+ 47.Kf1 Rc2 48.Rg7+ Kh5 49.Bd4 Bh4 50.c5 Bg5
51.Rb7 Rc1+ 52.Ke2 Kh4 53.a4 Kxh3 54.a5 Kg3 55.a6 Rc2+ 56.Kd3 Ra2 57.a7 h5
58.c6 h4 59.c7 h3 60.Be5+ Kg2 61.c8=Q Bh4 62.Qg4+ Kf1 63.Qxh3+ Kg1 64.Rb1+ Be1
65.Rxe1+ Kf2 66.Qf1+  1-0

[Event "South Bohemia Open"]
[Site "Cesky Krumlov CZE"]
[Date "2008.10.13"]
[Round "4"]
[White "Baturina,A"]
[Black "Kapoun,M"]
[Result "0-1"]
[WhiteElo "2036"]
[BlackElo "1835"]

1.Nf3 d5 2.g3 c6 3.Bg2 Nf6 4.O-O h6 5.d3 Bf5 6.Nbd2 Nbd7 7.b3 e5 8.Bb2 Bd6
9.c4 O-O 10.Nh4 Bh7 11.e4 d4 12.f4 c5 13.fxe5 Nxe5 14.Ndf3 Qe8 15.b4 b6 16.Nf5 Bc7
17.N3h4 Kh8 18.Nxh6 Rd8 19.b5 Nxe4 20.Nxf7+ Rxf7 21.Bxe4 Bxe4 22.dxe4 Rxf1+
23.Qxf1 Ng6 24.Nxg6+ Qxg6 25.Qh3+ Kg8 26.Qf5 Qxf5 27.exf5 Kf7 28.Re1 Kf6
29.g4 Rh8 30.Re2 Kg5 31.Rg2 Kf4 32.Kf1 Kf3 33.Kg1 Be5 34.a3 Rh4 35.g5 Rg4
36.Rxg4 Kxg4 37.f6 gxf6 38.gxf6 Bxf6 39.Kf1 Kh3 40.Kg1 Be5 41.Kf2 Bxh2 42.Ke2 Kg4
43.Bc1 Kf5 44.Kd3 Bf4 45.Bb2 Be3 46.Ba1 Bc1 47.a4 Ba3 48.Bxd4 cxd4 49.Kxd4 Ke6
50.Kc3 Ke5 51.Kd3 Kd6 52.Kc3 Kc5 53.Kd3 Bb4 54.Kc2 Kxc4 55.Kb2 Be1  0-1

[Event "1st WMSG Blitz Team w KO"]
[Site "Beijing CHN"]
[Date "2008.10.14"]
[Round "2.2"]
[White "Vasilevich,I"]
[Black "Ruan Lufei"]
[Result "0-1"]
[WhiteElo "2354"]
[BlackElo "2496"]

1.Nf3 d5 2.g3 Nf6 3.Bg2 c6 4.O-O Bg4 5.d3 Nbd7 6.Nbd2 e5 7.e4 dxe4 8.dxe4 Be7
9.h3 Bh5 10.a4 a5 11.b3 O-O 12.Bb2 Qc7 13.Qe1 Ne8 14.Rd1 f6 15.Nc4 Nc5 16.Qe2 Ne6
17.Ne3 Nd6 18.Nf5 Nxf5 19.exf5 Ng5 20.g4 Nxf3+ 21.Bxf3 Bf7 22.Rd3 Rfd8 23.Rfd1 Rxd3
24.Rxd3 Rd8 25.Kg2 h6 26.Bc3 Bc5 27.Qd2 Rxd3 28.Qxd3 Bb6 29.Be4 Kf8 30.Bd2 Ke8
31.c4 Qd7 32.Qxd7+ Kxd7 33.Kf3 Bc7 34.Bd3 b6 35.Ke4 Bd6 36.f4 exf4 37.Bxf4 Bxf4
38.Kxf4 Kd6 39.Be4 Kc5 40.h4 b5 41.axb5 cxb5 42.cxb5 Bxb3 43.Bd3 a4 44.g5 hxg5+
45.hxg5 fxg5+ 46.Kxg5 a3 47.Bb1 Bf7 48.b6 Kxb6 49.f6 g6 50.Kf4 Kc5 51.Kg5 Kd4
52.Kh6 Kc3 53.Kg7 Bc4 54.Kxg6 Kd4  0-1

[Event "1st WMSG Rapid Team"]
[Site "Beijing CHN"]
[Date "2008.10.15"]
[Round "3"]
[White "Danielsen,Hen"]
[Black "Varga,Zo"]
[Result "1-0"]
[WhiteElo "2492"]
[BlackElo "2494"]

1.g3 d5 2.Nf3 c6 3.Bg2 Bg4 4.O-O Nd7 5.d3 e5 6.Nbd2 Ngf6 7.e4 Bd6 8.h3 Bh5
9.Qe1 O-O 10.Nh4 dxe4 11.dxe4 Re8 12.Nf5 Bf8 13.Nc4 Nb6 14.Na5 Qc7 15.Bg5 Nfd7
16.a4 Nc5 17.b3 Ne6 18.Be3 Bg6 19.Qc3 c5 20.Kh2 Rac8 21.Nc4 Nxc4 22.Qxc4 Nd4
23.c3 Nxf5 24.exf5 Bxf5 25.Qb5 e4 26.Rfd1 a6 27.Qe2 Be6 28.Bf4 Qa5 29.c4 f5
30.f3 Qb6 31.Qe3 exf3 32.Qxf3 Rc6 33.Re1 g6 34.Qd3 Rcc8 35.a5 Rcd8 36.axb6 Rxd3
37.Bxb7 Rxb3 38.Bc6 Rb2+ 39.Kg1 Rxb6 40.Bxe8 Bxc4 41.Rab1 Bb3 42.Bd7 c4 43.Be6+ Kg7
44.Be5+ Kh6 45.Bd4 Rb5 46.Re5 Rb8 47.Bxc4 Bg7 48.Be3+  1-0

[Event "1st WMSG Rapid Team"]
[Site "Beijing CHN"]
[Date "2008.10.15"]
[Round "5"]
[White "Danielsen,Hen"]
[Black "Friedel,J"]
[Result "1/2-1/2"]
[WhiteElo "2492"]
[BlackElo "2498"]

1.g3 d5 2.Nf3 Nf6 3.Bg2 c6 4.O-O Bg4 5.d3 Nbd7 6.Nbd2 e5 7.e4 dxe4 8.dxe4 Bc5
9.h3 Bh5 10.Qe1 O-O 11.Nh4 Re8 12.Nb3 Bf8 13.Bg5 Qc7 14.a4 b6 15.Nf5 h6 16.Bd2 Rad8
17.Kh1 Bg6 18.Nh4 Bh7 19.Qe2 c5 20.Qc4 Qc6 21.Nf5 Bxf5 22.exf5 e4 23.Bc3 Ne5
24.Bxe5 Rxe5 25.g4 Qe8 26.Rfe1 Bd6 27.Nd2 e3 28.fxe3 Rxe3 29.Rxe3 Qxe3 30.Nf1 Qe5
31.Qc3 Qxc3 32.bxc3 Be5 33.a5 Bxc3 34.axb6 axb6 35.Ra8 Rxa8 36.Bxa8 Kf8 37.Ne3 Ke7
38.Nd5+ Nxd5 39.Bxd5 f6 40.Kg2 Kd6 41.Bc4 Ke5 42.Kf3 Kd4 43.Bb5 Bd2 44.Ke2 Bg5
45.c4 Ke4 46.Kf2 Bh4+ 47.Kg2 h5 48.gxh5 Kxf5 49.Kf3 Be1 50.Bd7+ Kg5 51.Be8 Bc3
52.Bg6 Be5 53.Bf7 Bc7 54.Bg6 Kh4 55.Kg2 Bd6 56.Bf7 f5 57.Bg6 f4 58.Be8 Bc7
59.Bf7 Kg5 60.Kf3 Kf5 61.Be8 Ke5 62.Bb5 Kf5 63.Be8 Kg5 64.Bf7 b5 65.cxb5 Kf5
66.Bg6+ Ke5 67.Ke2 Kd4 68.Kf3 c4 69.b6 Bb8 70.Ke2 Kc5 71.Bf7 Kb4 72.Kd2 c3+
73.Kd3 f3 74.Bg6 Bg3 75.b7 Kb3 76.Ke3 f2 77.Ke2 c2 78.Bxc2+ Kxc2 79.h6 gxh6
80.b8=Q Bxb8 81.Kxf2  1/2-1/2

[Event "1st WMSG Rapid Team w"]
[Site "Beijing CHN"]
[Date "2008.10.16"]
[Round "7"]
[White "Gomes,Mary"]
[Black "Bayrak,A"]
[Result "1-0"]
[WhiteElo "2298"]
[BlackElo "2005"]

1.Nf3 d5 2.g3 Nf6 3.Bg2 Bg4 4.d4 c6 5.O-O Nbd7 6.c4 e6 7.Nc3 Be7 8.cxd5 exd5
9.Qd3 Bh5 10.Nh4 O-O 11.Nf5 Re8 12.f3 Bg6 13.g4 c5 14.g5 Nh5 15.Nxe7+ Qxe7
16.Qd1 Nb6 17.f4 Be4 18.Bxe4 dxe4 19.e3 cxd4 20.Nb5 g6 21.Nxd4 Ng7 22.b3 Red8
23.Bb2 Nd5 24.Qe2 Ne6 25.Nxe6 Qxe6 26.Rad1 Nb4 27.Bf6 Rxd1 28.Qxd1 Nd3 29.f5 Qb6
30.Bd4 Qd8 31.Qg4 Qd5 32.fxg6 fxg6 33.Qg3 b6 34.Qc7 Qxg5+ 35.Kh1 Qh6 36.Qf7+  1-0

[Event "1st WMSG Rapid Team"]
[Site "Beijing CHN"]
[Date "2008.10.16"]
[Round "8"]
[White "Mak Kei Keng"]
[Black "Kojima,S"]
[Result "0-1"]
[WhiteElo "2017"]
[BlackElo "2272"]

1.Nf3 d5 2.g3 Nf6 3.Bg2 Bg4 4.O-O Nbd7 5.d4 c6 6.Nbd2 e6 7.c4 Be7 8.Qc2 O-O
9.Re1 Bf5 10.Qd1 Ne4 11.cxd5 cxd5 12.Nxe4 Bxe4 13.Bf4 Qb6 14.Nd2 Bxg2 15.Kxg2 Qxd4
16.Qb3 Qb6 17.e4 Qxb3 18.Nxb3 e5 19.Bd2 d4 20.Nc1 Rac8 21.Nd3 Rc2 22.Red1 Rfc8
23.b4 f6 24.h4 Nb6 25.Kf1 Nc4 26.Ke1 Nb2 27.Nxb2 Rxb2 28.a3 Rcc2 29.Rac1 Kf7
30.Rxc2 Rxc2 31.Rc1 Rxc1+ 32.Bxc1 Ke6 33.Ke2 f5 34.Kd3 g6 35.Bd2 a5 36.Be1 Kd7
37.f3 Kc6 38.Kc4 axb4 39.axb4 fxe4 40.fxe4 h5 41.Bd2 Kb6 42.Bc1 Kc6 43.Bd2 Kd6
44.Bc1 Ke6 45.Bd2 Kf7 46.Bc1 g5 47.hxg5 Kg6 48.Bd2 Bxg5 49.Be1 Be3 50.Kd5 d3
51.Kxe5 d2 52.Bxd2 Bxd2 53.Kd5 Bxb4 54.Kd4  0-1

[Event "24th ECC"]
[Site "Kallithea GRE"]
[Date "2008.10.17"]
[Round "1"]
[White "Schebler,G"]
[Black "Karagiannis,A"]
[Result "1-0"]
[WhiteElo "2467"]
[BlackElo "2341"]

1.Nf3 d5 2.g3 Nc6 3.d4 Bg4 4.Bg2 Bxf3 5.Bxf3 Nf6 6.c4 e6 7.O-O Be7 8.Nc3 O-O
9.cxd5 exd5 10.Bg5 Qd7 11.Bxf6 Bxf6 12.Nxd5 Nxd4 13.Nxf6+ gxf6 14.e3 Nxf3+
15.Qxf3 Qc6 16.Qxc6 bxc6 17.Rfc1 Rfb8 18.Rxc6 Rxb2 19.Rxf6 Rc2 20.Rd1 Kg7
21.Rf4 Rxa2 22.Rd7 Rf8 23.Rxc7 Ra3 24.Rg4+ Kh8 25.Rd4 Kg7 26.Rdd7 Ra1+ 27.Kg2 a6
28.Ra7 h5 29.Rd6 Rb8 30.Rdxa6 Rxa6 31.Rxa6 Rb2 32.h3 f6 33.g4 Rb5 34.Kg3 Rc5
35.Kh4 Rc2 36.Kxh5 Rxf2 37.Ra7+ Kf8 38.Kg6 Rf3 39.h4 Rxe3 40.h5  1-0